000 00467 a2200157 4500
001 61988
020 _a9788560619108
040 _cAnchieta - Pituba
100 _aNaeher, Julius
240 1 0 _aNotas estatísticas, geográficas e histórico-civilizacionais sobre o Império do Brasil
_lpor
245 1 0 _aNotas estatísticas, geográficas e histórico-civilizacionais sobre o Império do Brasil
300 _a47
362 0 _a2011
650 4 _aBrasil
942 _cBK
999 _c61988
_d61988